000 00400 a2200145 4500
001 157119
040 _cEscola São Tomás de Aquino
100 _aAL- SHEHA, Abdurrahman
240 1 0 _aA mensagem do islam
_lpor
245 1 0 _aA mensagem do islam
300 _a216 p.
440 1 _aFederação das Associações Muçulmanas do Brasil
697 _aIslamismo, Babismo, Crença em Bahai
942 _cBK
999 _c157119
_d157119